000 02373nam a22003497a 4500
001 103256
003 KnowledgeUnlatched
005 20210303105041.0
006 m o d
007 cr u||||||||||
008 210129p20052019xx o u00| u ger d
037 _5BiblioBoard
245 0 4 _aDer Sicherheitsdiskurs
_bDie Innere Sicherheitspolitik und ihre Kritik /
_cThomas Kunz.
020 _a9783839402931
029 1 _ahttps://library.biblioboard.com/ext/api/media/f0c005e7-156a-4a27-8ee3-488068e51fa6/assets/thumbnail.jpg
040 _aScCtBLL
_cScCtBLL
100 1 _aKunz, Thomas
_eauthor.
264 1 _btranscript Verlag,
300 _a1 online resource (422 p.)
506 0 _aAccess copy available to the general public.
_fUnrestricted
_2star
520 _aSeit fast 40 Jahren wird der Sicherheitsdiskurs durch die gegenläufige Bezugnahme von Innerer Sicherheitspolitik und linker Kritik geprägt. Letztere galt im Sicherheitsdiskurs über lange Jahre hinweg selbst als Feindbild. Erstmals rückt diese kritische Position nun in den Mittelpunkt der Forschung. Aus diskursanalytischer Perspektive untersucht der Autor konservative und kritische Positionen zu Innerer Sicherheit - und kommt zu überraschenden Befunden: Trotz ihrer vordergründigen politischen Gegenläufigkeit sind auffällige Gemeinsamkeiten und geteilte Grundannahmen feststellbar. Zudem werden im Sicherheitsdiskurs gegenwärtig sog. Fremde bzw. "kriminelle Ausländer" als Hauptfeindbilder mobilisiert, d.h. Konstruktionen, die wesentlich rassistisch fundiert sind. Angesichts jener bereits angesprochenen Gemeinsamkeiten lautet deshalb eine weitere zentrale Frage, ob bzw. inwieweit die heutige Kritik an Innerer Sicherheitspolitik diesen Feindbildwandel berücksichtigt.
588 0 _aDescription based on print version record.
590 _aKU Open Services
650 7 _aPolitical Science
_2bisacsh
650 0 _aPolitical science
655 0 _aElectronic books.
758 _iIs found in:
_aKnowledge Unlatched
_1https://openresearchlibrary.org/module/2774bc74-146a-484f-a7ba-ab1d6a09bbfb
856 4 0 _uhttps://openresearchlibrary.org/content/f0c005e7-156a-4a27-8ee3-488068e51fa6
_zView this content on Open Research Library.
_70
999 _c33407
_d33407